| Поле | Название | Значение |
| |
Тип записи |
c |
| |
Библиографический уровень |
m |
| 001 |
Контрольный номер |
RU/УОНБ/EK_N/539959183 |
| 005 |
Дата корректировки |
20250520123237.8 |
| 010 |
Индекс ISBN |
__ |
| 9 |
Тираж |
66605 экз. |
| 013 |
Номер (ISMN) |
__ |
| d |
Цена |
25 к. |
| 100 |
Данные общей обработки |
__ |
| a |
Данные общей обработки |
20170209d1981 u y0rusy0189||||ca |
| 101 |
Язык документа |
0_ |
| a |
Язык текста |
rus |
| f |
Язык титульного листа |
rus |
| 102 |
Страна публикации |
__ |
| a |
Страна публикации |
RU |
| 105 |
Кодированные данные (монография) |
__ |
| a |
Кодированные данные (монография) |
y###||||000|y |
| 125 |
Кодированные данные звукозаписи и нотных изданий |
__ |
| a |
Форма изложения нотного текста |
m| |
| 128 |
Кодированные данные (звукозаписи-физические характеристики) |
__ |
| a |
Кодированные данные: Музыкальная форма и тональность или лад |
zz |
| b |
Инструменты или голоса, необходимые для ансамблей (устаревшее) |
оu|| |
| c |
Инструменты или голоса, рекомендуемые для солистов (устаревшее) |
kt|| |
| c |
Инструменты или голоса, рекомендуемые для солистов (устаревшее) |
tb|| |
| 200 |
Заглавие и сведения об ответственности |
1_ |
| a |
Заглавие |
Инструментальные ансамбли |
| b |
Общее обозначение материала |
Ноты |
| e |
Сведения, относящиеся к заглавию |
[для ансамблей небольших составов, баяна, шестиструн. гитары] |
| f |
Первые сведения об ответственности |
сост. В. Гевиксман |
| 210 |
Выходные данные |
1_ |
| a |
Место издания |
Москва |
| c |
Издательство |
Советская Россия |
| d |
Дата издания |
1981 |
| 215 |
Физическое описание |
__ |
| a |
Объем |
128 с. |
| d |
Формат |
20 см |
| 225 |
Серия |
0_ |
| a |
Серия |
Библиотечка "В помощь художественной самодеятельности" |
| v |
Обозначение тома |
№ 6 |
| 327 |
Примечание о содержании |
11 |
| a |
Примечание о содержании |
Содерж. : Пахмутова А. И вновь продолжается бой : для орк. рус. нар. инструментов / сл. Н. Добронравова. - Гайдн И. Дивертисмент : для квартета домр. - Широков А. Ванька-Встанька : для анс. нар. инструментов. - Солин Л. Вальс-элегия : из спектакля "Леший" : для мандолины и шестиструн. гитары. - Чайковский П. Вальс : из Детского альбома : для семиструн. гитары. - Шопен Ф. Вальс № 10 : для шестиструн. гитары. - В низенькой светелке : рус. нар. песня / обраб. для дуэта семиструн. гитар Ю. Базарова. - Зачем тебя я, милый мой, узнала : рус. нар. песня / обраб. для домры и семиструн. гитары В. Коновалова. - Как вечор тоска напала : рус. нар. песня / обраб. для аккордеона (баяна) Ю. Блинова. - Дымов О. Юмореска : для домры и баяна. - Гурьев Ю. Поэма : для баяна. - Гевиксман В. Самовар : для трехструн. домры и баяна. - Адлер Е. Веселый марш : для баяна. - Чайкин Н. Емеля : для домры, балалайки и баяна. - Фиготин Б. Вальс : для баяна (аккордеона). - Егиков И. Воспоминание о вальсе : для баяна. - Золотарев Н. Русские узоры : танго для баяна. - Букин В. Фокс-марш : для баяна. - Попонов В. На посиделках : для домры, балалайки и баяна. - Терентьев Б. Вечерние грезы : для кларнета, аккордеона, гитары и контрабаса. - Для эстрадных ансамблей : Симонов Ф. Приглашение. - Минх Н. Ты и я : джаз-вальс. - Гаранян Г. Тик-так. - Гамалия В. Вспомни. - Людвиковский В. Светлая надежда. - Бинкин З. Ты всегда со мной. - Дубравин Я. Пробуждение. - Кудрявцев В. Улыбка друга. - Основиков А. Карнавал на Кубе. - Абрамов А. Танец для тебя. |
| 464 |
Аналитический уровень |
_0 |
| 1 |
|
2001 |
| a |
|
И вновь продолжается бой |
| e |
|
Неба утреннего стяг... |
| e |
|
для орк. рус. нар. инструментов |
| 1 |
|
700 1 |
| a |
|
Пахмутова |
| b |
|
А. |
| 1 |
|
702 1 |
| a |
|
Добронравов |
| b |
|
Н. |
| 4 |
|
520 |
| 464 |
Аналитический уровень |
_0 |
| 1 |
|
2001 |
| a |
|
Дивертисмент |
| e |
|
для квартета домр |
| 1 |
|
700 1 |
| a |
|
Гайдн |
| b |
|
И. |
| 464 |
Аналитический уровень |
_0 |
| 1 |
|
2001 |
| a |
|
Ванька-Встанька |
| e |
|
для анс. нар. инструментов |
| 1 |
|
700 1 |
| a |
|
Широков |
| b |
|
А. |
| 464 |
Аналитический уровень |
_0 |
| 1 |
|
2001 |
| a |
|
Вальс-элегия |
| e |
|
из спектакля "Леший" |
| e |
|
для мандолины и шестиструн. гитары |
| 1 |
|
700 1 |
| a |
|
Солин |
| b |
|
Л. |
| 1 |
|
50010 |
| a |
|
Леший |
| 464 |
Аналитический уровень |
_0 |
| 1 |
|
2001 |
| a |
|
Вальс |
| e |
|
из Детского альбома |
| e |
|
для семиструн. гитары |
| 1 |
|
700 1 |
| a |
|
Чайковский |
| b |
|
П. |
| 464 |
Аналитический уровень |
_0 |
| 1 |
|
2001 |
| a |
|
Вальс № 10 |
| e |
|
для шестиструн. гитары |
| 1 |
|
700 1 |
| a |
|
Шопен |
| b |
|
Ф. |
| 464 |
Аналитический уровень |
_0 |
| 1 |
|
2001 |
| a |
|
В низенькой светелке |
| e |
|
рус. нар. песня |
| e |
|
обраб. для дуэта семиструн. гитар |
| 1 |
|
702 1 |
| a |
|
Базаров |
| b |
|
Ю. |
| 4 |
|
030 |
| 464 |
Аналитический уровень |
_0 |
| 1 |
|
2001 |
| a |
|
Зачем тебя я, милый мой, узнала |
| e |
|
рус. нар. песня |
| e |
|
обраб. для домры и семиструн. гитары |
| 1 |
|
702 1 |
| a |
|
Коновалов |
| b |
|
В. |
| 4 |
|
030 |
| 464 |
Аналитический уровень |
_0 |
| 1 |
|
2001 |
| a |
|
Как вечор тоска напала |
| e |
|
рус. нар. песня |
| e |
|
обраб. для аккордеона (баяна) |
| 1 |
|
702 1 |
| a |
|
Блинов |
| b |
|
Ю. |
| 4 |
|
030 |
| 464 |
Аналитический уровень |
_0 |
| 1 |
|
2001 |
| a |
|
Юмореска |
| e |
|
для домры и баяна |
| 1 |
|
700 1 |
| a |
|
Дымов |
| b |
|
О. |
| 464 |
Аналитический уровень |
_0 |
| 1 |
|
2001 |
| a |
|
Поэма |
| e |
|
для баяна |
| 1 |
|
700 1 |
| a |
|
Гурьев |
| b |
|
Ю. |
| 464 |
Аналитический уровень |
_0 |
| 1 |
|
2001 |
| a |
|
Самовар |
| e |
|
для трехструн. домры и баяна |
| 1 |
|
700 1 |
| a |
|
Гевиксман |
| b |
|
В. |
| 464 |
Аналитический уровень |
_0 |
| 1 |
|
2001 |
| a |
|
Веселый марш |
| e |
|
для баяна |
| 1 |
|
700 1 |
| a |
|
Адлер |
| b |
|
Е. |
| 464 |
Аналитический уровень |
_0 |
| 1 |
|
2001 |
| a |
|
Емеля |
| e |
|
для домры, балалайки и баяна |
| 1 |
|
700 1 |
| a |
|
Чайкин |
| b |
|
Н. |
| 464 |
Аналитический уровень |
_0 |
| 1 |
|
2001 |
| a |
|
Вальс |
| e |
|
для баяна (аккордеона) |
| 1 |
|
700 1 |
| a |
|
Фиготин |
| b |
|
Б. |
| 464 |
Аналитический уровень |
_0 |
| 1 |
|
2001 |
| a |
|
Воспоминание о вальсе |
| e |
|
для баяна |
| 1 |
|
700 1 |
| a |
|
Егиков |
| b |
|
И. |
| 464 |
Аналитический уровень |
_0 |
| 1 |
|
2001 |
| a |
|
Русские узоры |
| e |
|
танго для баяна |
| 1 |
|
700 1 |
| a |
|
Золотарев |
| b |
|
Н. |
| 464 |
Аналитический уровень |
_0 |
| 1 |
|
2001 |
| a |
|
Фокс-марш |
| e |
|
для баяна |
| 1 |
|
700 1 |
| a |
|
Букин |
| b |
|
В. |
| 464 |
Аналитический уровень |
_0 |
| 1 |
|
2001 |
| a |
|
На посиделках |
| e |
|
для домры, балалайки и баяна |
| 1 |
|
700 1 |
| a |
|
Попонов |
| b |
|
В. |
| 464 |
Аналитический уровень |
_0 |
| 1 |
|
2001 |
| a |
|
Вечерние грезы |
| e |
|
для кларнета, аккордеона, гитары и контрабаса |
| 1 |
|
700 1 |
| a |
|
Терентьев |
| b |
|
Б. |
| 464 |
Аналитический уровень |
_0 |
| 1 |
|
2001 |
| a |
|
Приглашение |
| e |
|
для эстрадного ансамбля |
| 1 |
|
700 1 |
| a |
|
Симонов |
| b |
|
Ф. |
| 464 |
Аналитический уровень |
_0 |
| 1 |
|
2001 |
| a |
|
Ты и я |
| e |
|
джаз-вальс |
| e |
|
для эстрадного ансамбля |
| 1 |
|
700 1 |
| a |
|
Минх |
| b |
|
Н. |
| 464 |
Аналитический уровень |
_0 |
| 1 |
|
2001 |
| a |
|
Тик-так |
| e |
|
для эстрадного ансамбля |
| 1 |
|
700 1 |
| a |
|
Гаранян |
| b |
|
Г. |
| 464 |
Аналитический уровень |
_0 |
| 1 |
|
2001 |
| a |
|
Вспомни |
| e |
|
для эстрадного ансамбля |
| 1 |
|
700 1 |
| a |
|
Гамалия |
| b |
|
В. |
| 464 |
Аналитический уровень |
_0 |
| 1 |
|
2001 |
| a |
|
Светлая надежда |
| e |
|
для эстрадного ансамбля |
| 1 |
|
700 1 |
| a |
|
Людвиковский |
| b |
|
В. |
| 464 |
Аналитический уровень |
_0 |
| 1 |
|
2001 |
| a |
|
Ты всегда со мной |
| e |
|
для эстрадного ансамбля |
| 1 |
|
700 1 |
| a |
|
Бинкин |
| b |
|
З. |
| 464 |
Аналитический уровень |
_0 |
| 1 |
|
2001 |
| a |
|
Пробуждение |
| e |
|
для эстрадного ансамбля |
| 1 |
|
700 1 |
| a |
|
Дубравин |
| b |
|
Я. |
| 464 |
Аналитический уровень |
_0 |
| 1 |
|
2001 |
| a |
|
Улыбка друга |
| e |
|
для эстрадного ансамбля |
| 1 |
|
700 1 |
| a |
|
Кудрявцев |
| b |
|
В. |
| 464 |
Аналитический уровень |
_0 |
| 1 |
|
2001 |
| a |
|
Карнавал на Кубе |
| e |
|
для эстрадного ансамбля |
| 1 |
|
700 1 |
| a |
|
Основиков |
| b |
|
А. |
| 464 |
Аналитический уровень |
_0 |
| 1 |
|
2001 |
| a |
|
Танец для тебя |
| e |
|
для эстрадного ансамбля |
| 1 |
|
700 1 |
| a |
|
Абрамов |
| b |
|
А. |
| 512 |
Заглавие обложки |
1_ |
| a |
Заглавие обложки |
Инструментальные ансамбли |
| 606 |
Тематические рубрики |
0_ |
| a |
Основная рубрика |
Ансамбли инструментальные |
| x |
Основная подрубрика |
Ансамбли народных инструментов |
| x |
Основная подрубрика |
Эстрадные ансамбли |
| x |
Основная подрубрика |
Баян |
| x |
Основная подрубрика |
Гитара |
| 610 |
Ключевые слова |
0_ |
| a |
Ключевые слова |
оркестры народных инструментов |
| 610 |
Ключевые слова |
0_ |
| a |
Ключевые слова |
эстрадные ансамбли |
| 610 |
Ключевые слова |
0_ |
| a |
Ключевые слова |
баян |
| 610 |
Ключевые слова |
0_ |
| a |
Ключевые слова |
гитара шестиструнная |
| 610 |
Ключевые слова |
0_ |
| a |
Ключевые слова |
ансамбли инструментальные |
| 686 |
Индексы других классификаций |
__ |
| a |
Классификационный индекс |
85.95я436 |
| a |
Классификационный индекс |
85.952.18(2)я436 |
| 2 |
Код системы |
rubbk |
| 702 |
Вторичная интеллектуальная ответственность |
_1 |
| a |
Фамилия |
Гевиксман |
| b |
Имя (инициалы) |
В. |
| 4 |
Код отношения |
220 |
| 801 |
Источник записи |
_0 |
| a |
Страна |
RU |
| b |
Организация |
Ульяновская ОНБ |
| c |
Дата составления |
20170209 |
| g |
Правила каталогизации |
RCR |
| 801 |
Источник записи |
_1 |
| a |
Страна |
RU |
| b |
Организация |
Ульяновская ОНБ |
| c |
Дата составления |
20170209 |
| g |
Правила каталогизации |
RCR |
| 901 |
Тип документа |
__ |
| t |
Тип документа |
m |
| 909 |
Создатель записи |
__ |
| a |
Создатель записи |
Никитина Т. А. |
| 938 |
Служебная информация |
__ |
| a |
Имя БД |
noti |
| b |
Имя библиотеки |
УОНБ |
| c |
Имя АИБС |
МАРК-SQL |
| d |
Номер DOC_ID в БД |
15837 |